000 00450nam a2200193Ia 4500
005 20250603145137.0
008 250603s9999 xx 000 0 und d
020 _a0-07231514-8
050 _aHF 1359 .A77/
100 _aDennis R. Appleyard
245 0 _aInternational Economics
250 _aFourth Edition
260 _aNew York
260 _bMc Graw-Hill/Irwin
260 _c2001
300 _a751 p
650 _aNew York
942 _cBK
999 _c41003
_d41003